| 000 | 00627nam a2200193Ia 4500 | ||
|---|---|---|---|
| 003 | GCL | ||
| 008 | 140319s9999 xx 000 0 ara d | ||
| 040 |
_aGCL / _cGCL |
||
| 082 | 0 | 4 |
_a346.07 _bم.ن |
| 100 | 1 |
_aمراد منير فهيم _vPainter _@ _رسا٠|
|
| 245 | 1 | 0 |
_aنحو قانون واحد للشركات / _cمراد منير فهيم |
| 260 |
_a[S.N] : _bمنشاة المعارف الاسلامية ، _c1991 |
||
| 300 | _a226 ص | ||
| 490 |
_aالكتب القانونية _v0 |
||
| 650 | 0 | 4 | _aالقانون |
| 650 | 0 | 4 | _aالقانون التجارى |
| 650 | 0 | 4 | _aالشركات |
| 942 |
_2ddc _cBK |
||
| 999 |
_c53840 _d53840 |
||